John Eustace's First Squad For Derby County With Nation Hint - Statistics

General Stats
  • This quiz has been taken 2 times
  • The average score is 6 of 20
Answer Stats
Position Nationality Answer % Correct
LB Australia Callum Elder
100%
RB Namibia Ryan Nyambe
100%
LCB Norway Sondre Langås
100%
DM Gambia Ebou Adams
50%
GK Sweden Jacob Widell Zetterström
50%
GK(Sub) England Josh Vickers
50%
RCB England Matthew Clarke
50%
LW Guatemala Nathaniel Mendez-Laing
50%
DM England Ben Osborn
0%
CB(Sub) Scotland Craig Forsyth
0%
DM(Sub) Wales Cruz Allen
0%
CM(Sub) England Harrison Armstrong
0%
CB(Sub) England Jake Rooney
0%
RW England Jerry Yates
0%
RM(Sub) England Kayden Jackson
0%
AM(Sub) Netherlands Kenzo Goudmijn
0%
ST Norway Lars-Jørgen Salvesen
0%
CM(Sub) England Liam Thompson
0%
AM England Marcus Harness
0%
AM(Sub) England Tom Barkhuizen
0%
No matching quizzes found
Score Distribution
Percent of People with Each Score
Percentile by Number Answered
Your Score History
You have not taken this quiz